000
00328nam a22001457a 4500
003
SGT
020
_a
612.8
082
_a
612.8
_b
D18S
100
_a
SINHA, VIRENDRA DEO
245
_a
DIFFERENTIAL DIAGNOSIS IN NEUROLOGY & NEUROSURGERY
250
_a
1ST
260
_a
INDIA
_b
CBS PUB
_c
2018
300
_a
221
942
_2
ddc
_c
BK
999
_c
16986
_d
16986